| 000 | 01027nam2a2200277 4500 | ||
|---|---|---|---|
| 001 | RU\NLR\bibl\1055445 | ||
| 005 | 20250615035243.0 | ||
| 010 |
_a5-8269-0127-6 _9500 |
||
| 021 |
_aRU _b2007-2703 _9131 |
||
| 035 | _a(NLR Aleph) 001042739 | ||
| 090 |
_a828964 _c828964 |
||
| 100 | _a20070307d2007 |||y0rusy50 ca | ||
| 101 | 0 | _arus | |
| 102 | _aRU | ||
| 105 | _ay ||||||||| | ||
| 200 | 1 | _aАрии | |
| 210 |
_d2007 _aБ. м. |
||
| 215 | _a227 с. | ||
| 461 | 0 |
_1001RU\NLR\bibl\504795 _12001#$aРепертуарная вокальная энциклопедия$v[Т. 1] _91151785 _cМ. _d2002 _fМ-во культуры Рос. Федерации и др. _nЧуваш. гос. ин-т гуманит. наук _tРепертуарная вокальная энциклопедия _v[Т. 1] |
|
| 606 | 1 |
_aОпера _jЭнциклопедии _9919417 _3RU\NLR\auth\6617787 |
|
| 686 | _aЩ313(0)-474.1я20 | ||
| 801 | 0 |
_aRU _bNLR _c20070307 _gRCR |
|
| 801 | 1 |
_aRU _bNLR _c20070307 |
|
| 942 | _cBOOK | ||
| 980 | _aNB | ||